| 000 | 00566nam a2200169 a 4500 | ||
|---|---|---|---|
| 001 | 000026421 | ||
| 005 | 20240305131111.0 | ||
| 008 | 110317s1987 dr 000 0 spa d | ||
| 040 |
_aDO-SdBNP _bspa _cBNPHU |
||
| 082 |
_axxxx _bP896r |
||
| 100 | 1 |
_aTardif, Emiliano, _d1928-1999 _935030 |
|
| 245 | 1 | 0 |
_aRepública Dominicana, estado No. 52 de los Estados Unidos de Norteamérica / _cEmiliano Tardif ; José H. Prado Flores. |
| 260 |
_aSanto Domingo : _bAlfa y Omega, _c1987. |
||
| 300 |
_a160 p. ; _c22 cm. |
||
| 700 | 1 |
_aPrado Flores, José H. _910971 |
|
| 049 | _aBNPD | ||
| 999 |
_c25913 _d25913 |
||